| 000 | 00431cam a22001457a 4500 | ||
|---|---|---|---|
| 008 | 180718b1989 xxu||||| |||| 00| 0 eng d | ||
| 082 | _aA99 R182f | ||
| 100 | _aGhosh, Oroon | ||
| 245 | _aM.N. Roy and the approach to planned development | ||
| 260 |
_aCalcutta _bMinerva _c1989 |
||
| 300 | _ap.79-86 | ||
| 500 | _a[In] For a revolution from below, edited by Sibnarayan Ray | ||
| 650 | _aRoy, M.N. | ||
| 650 | _aEconomic Development | ||
| 999 |
_c353838 _d353838 |
||